000 00770nam a2200265Ia 4500
003 OSt
005 20220928130214.0
006 a|||||r|||| 00| 0
007 ta
008 220927b |||||||| |||| 00| 0 eng d
020 _c2968.6196
024 _a112803
037 _b45, 24/10/2011, Aviva Books Company
_cTextual
040 _aSDCL
_cSDCL
_beng
041 _2eng
_aeng
082 _aX:89P, Q1
100 _aHenderson G Robin
_9473170
245 0 _aSix sigma quality improvement with minitab.
250 _a2
260 _aChichester
_bWiley
_c2011
300 _axx,504p.
_ccm.
650 _aApplied Operation Research
942 _hX:89P, Q1
_cTEXL
_2CC
999 _c785684
_d785684